Chhatrapati Shivaji / (Record no. 180733)

MARC details
000 -LEADER
fixed length control field 00662nam a22001937a 4500
005 - DATE AND TIME OF LATEST TRANSACTION
control field 20210817103818.0
010 ## - LCCN (DPL NO)
LC control number B-741111
020 ## - INTERNATIONAL STANDARD BOOK NUMBER
International Standard Book Number 818873120X
Terms of availability 350.00
035 ## - SYSTEM CONTROL NUMBER
System control number B-741111
037 ## - SOURCE OF ACQUISITION
Source of stock number/acquisition Gift
082 ## - DEWEY DECIMAL CLASSIFICATION NUMBER
Classification number S
100 ## - MAIN ENTRY--PERSONAL NAME
Personal name Bhatia, Roshi
245 ## - TITLE STATEMENT
Title Chhatrapati Shivaji /
Statement of responsibility, etc by Roshi Bhatia
260 ## - PUBLICATION, DISTRIBUTION, ETC. (IMPRINT)
Place of publication, distribution, etc Delhi
Name of publisher, distributor, etc Smriti Sahitya
Date of publication, distribution, etc 2020
270 ## - ADDRESS
Address 511/1E, Gali No.2, Near Tash Factory, Vishwas Nagar, Shahdara
City Delhi
Postal code 110032
300 ## - PHYSICAL DESCRIPTION
Extent 119p.:
Dimensions 22cm(Hb)
Other physical details ill.
942 ## - ADDED ENTRY ELEMENTS (KOHA)
Source of classification or shelving scheme Dewey Decimal Classification
Item type Children Books
Classification part S
Call number suffix BHA
Holdings
Withdrawn status Lost status Not for loan Collection code Home library Current library Date acquired Source of acquisition Cost, normal purchase price Full call number Barcode Copy number Cost, replacement price Koha item type Public note
      Non-fiction Central Library Central Library 17/08/2021 Gift/Eng/09-08-2021 350.00 S BHA B-741111 1 350.00 Children Books Gift

© Delhi Public Library
Hit Counter
free hit counter